000
00285nam a2200121Ia 4500
008
220204s9999 xx 000 0 und d
082
_a
613.954
_b
FRO
100
_a
Fromme, Allan
245
0
_a
Abc of child care
260
_a
New York
_b
Pocket
_c
1969
650
_a
Childcare
942
_c
BK
999
_c
32151
_d
32151